00460 2200181 4500001002100000005001500021008004100036020001800077035001900095041000700114082000800121090001400129100002200143245005500165260003100220300001400251650001300265INLIS00000000002592920241224132033241224||||||||| | ||| |||| || |  aBA-342-A-1-88 0010-1224025929 aid0 a635 a635 KAR t0 aA.G.Kartasapoetra00aTeknologi Budidaya Tanaman Pangan Di Daerah Tropik aJakartabBina Aksarac1988 a419 hal., 0aBudidaya